000 00246nam a2200121Ia 4500
100 _aTrikha
942 _cBK
654 _aDesign
245 _aMachine design exercises
260 _bKhanna publishers
_c1987
300 _a586
546 _aENGLISH
999 _c32437
_d32437